Interprétation et discussion des pompages d'essai (Record no. 25509)
[ view plain ]
| 000 -LEADER | |
|---|---|
| fixed length control field | 00441 a2200193 4500 |
| 100 ## - VEDETTE PRINCIPALE - NOM DE PERSONNE | |
| Personal name | KRUSEMAN, G.P.%DE RIDDER, N.A.%MEILHAC, A. |
| 130 ## - VEDETTE PRINCIPALE - TITRE UNIFORME | |
| Language of a work | Fr |
| 260 ## - PUBLICATION, DISTRIBUTION, ETC. (IMPRINT) | |
| Place of publication, distribution, etc | WAGENINGEN |
| 260 ## - PUBLICATION, DISTRIBUTION, ETC. (IMPRINT) | |
| Name of publisher, distributor, etc | ILRI |
| 245 ## - TITLE STATEMENT | |
| Title | Interprétation et discussion des pompages d'essai |
| 260 ## - PUBLICATION, DISTRIBUTION, ETC. (IMPRINT) | |
| Date of publication, distribution, etc | 1974 |
| 300 ## - PHYSICAL DESCRIPTION | |
| Extent | XIII-213 P. |
| 300 ## - PHYSICAL DESCRIPTION | |
| Other physical details | Couv. ill. en coul. |
| 440 ## - SERIES STATEMENT/ADDED ENTRY--TITLE | |
| Number of part/section of a work | 11 |
| 440 ## - SERIES STATEMENT/ADDED ENTRY--TITLE | |
| Title | Bulletin |
| 650 ## - SUBJECT ADDED ENTRY--TOPICAL TERM | |
| Topical term or geographic name as entry element | Pompage |
| Withdrawn status | Lost status | Damaged status | Not for loan | Location (home branch) | Sublocation or collection (holding branch) | Date acquired | Koha issues (times borrowed) | Koha full call number | Koha date last seen | Copy number | Price effective from | Koha item type | Public note |
|---|---|---|---|---|---|---|---|---|---|---|---|---|---|
| Bibliothèque-Centre de Documentation de la Faculté des Sciences Agronomiques | Bibliothèque-Centre de Documentation de la Faculté des Sciences Agronomiques | AGE.1973.001 | 28/02/2009 | 1 | 28/02/2009 | Livre | A.6422 |